000
00230nam a22000857a 4500
008
160712b xxu||||| |||| 00| 0 eng d
100
_9
2671
_a
Singh, P
245
_a
Maharaja Ranjit Singh
260
_a
New Delhi
_b
National Book Trust
_c
2004
999
_c
2324
_d
2324